| 000 | 01460nam a2200361Ia 4500 | ||
|---|---|---|---|
| 001 | ebr10661713 | ||
| 003 | CaPaEBR | ||
| 006 | m u | ||
| 007 | cr cn||||||||| | ||
| 008 | 110110s2011 nyuab sb 001 0 eng d | ||
| 010 | _z 2010051597 | ||
| 020 | _z160741421X (hardcover) | ||
| 020 | _z9781607414216 (hardcover) | ||
| 020 | _z9781611223743 | ||
| 040 |
_aCaPaEBR _cCaPaEBR |
||
| 035 | _a(OCoLC)776162713 | ||
| 050 | 1 | 4 |
_aQC981.8.C53 _bI465 2011eb |
| 082 | 0 | 4 |
_a304.2/5 _222 |
| 245 | 0 | 0 |
_aImpact of weather and climate extremes _h[electronic resource] / _cLeanne E. Prettel, editor. |
| 260 |
_aNew York : _bNova Science Publishers, _cc2011. |
||
| 300 |
_a269 p. : _bill., maps. |
||
| 490 | 1 | _aClimate change and its causes, effects, and prediction | |
| 504 | _aIncludes bibliographical references and index. | ||
| 533 |
_aElectronic reproduction. _bPalo Alto, Calif. : _cebrary, _d2013. _nAvailable via World Wide Web. _nAccess may be limited to ebrary affiliated libraries. |
||
| 650 | 0 | _aClimatic extremes. | |
| 650 | 0 |
_aClimatic changes _xSocial aspects. |
|
| 650 | 0 |
_aClimatic changes _xEffect of human beings on. |
|
| 655 | 7 |
_aElectronic books. _2local |
|
| 700 | 1 | _aPrettel, Leanne E. | |
| 710 | 2 | _aebrary, Inc. | |
| 830 | 0 | _aClimate change and its causes, effects, and prediction series. | |
| 856 | 4 | 0 |
_uhttp://site.ebrary.com/lib/rucke/Doc?id=10661713 _zAn electronic book accessible through the World Wide Web; click to view |
| 999 |
_c169818 _d169818 |
||